Statistics for Cleveland Cavaliers Best Team By Decade

Click here to take the quiz!

General Stats

  • This quiz has been taken 78 times
    (38 since last reset)
  • The average score is 14 of 25

Answer Stats

SeasonPlayer% Correct
2021-22Darius Garland
97%
2021-22Donovan Mitchell
97%
2015-16Kevin Love
97%
2015-16Kyrie Irving
97%
2006-07, 2015-16LeBron James
97%
1975-76Bingo Smith
92%
2015-16J.R. Smith
92%
2015-16Tristan Thompson
92%
2021-22Jarrett Allen
89%
1988-89, 1991-92Mark Price
81%
2021-22Evan Mobley
78%
2006-07Zydrunas Ilgauskas
78%
2021-22Isaac Okoro
64%
1988-89, 1991-92Brad Daugherty
61%
1988-89, 1991-92Larry Nance
42%
2006-07Drew Gooden
36%
2006-07Larry Hughes
28%
1991-92Craig Ehlo
25%
1988-89Ron Harper
25%
2006-07Sasha Pavlović
14%
1975-76Campy Russell
11%
1975-76Jim Chones
11%
1975-76Jim Brewer
8%
1975-76Jim Cleamons
8%
1988-89, 1991-92Mike Sanders
8%

Score Distribution

Percentile by Number Answered

Percent of People with Each Score

Your Score History

You have not taken this quiz since the last reset